005650000a22001330004500090001700000245015700017041001400174700003600188700003100224100003200255942001300287773011400300999001700414 aASbSeriadas10aAmpliación del ámbito de distribución y descripción del renacuajo de la rana de cristal Hyalinobatrachium aureoguttatum ()0 aEspañol1 aJaramillo A., César A.9158171 aJaramillo, Fidel E.9991341 aIbañez D., Roberto915821 cARTICULO1 tRevista de la Academia Colombiana de Ciencias Exactas, Fisicas y Naturales332hSupl. Esp.q293-298d1999g23 c14158d14158